000
00338 a2200157 4500
001
168260
020
_a
040
_c
Magnum
100
_a
Santos Filho, Jose Laudier Antunes Dos
240
1
0
_a
Manual de futsal
_l
por
245
1
0
_a
Manual de futsal
362
0
_a
1899
440
1
_a
Sprint
697
_a
EDUCACAO FISICA
942
_c
BK
999
_c
168260
_d
168260